00451nam a2200145Ia 4500008004100000041000800041082001200049100000800061245002700069260004700096300002400143365000700167999001700174952011400191240624s9999 xx 000 0 und d aeng a368 III aIII aLIFE INSURANCE FINANCE c2012aMumbaibInsurance Institute of India a619 : p. : cm. ; 24 cRS c21810d21810 00104070aIMTNbIMTNcRack 16-Ad2013-09-19g400.00o368 IIIp21810r2024-06-24 00:00:00t1w2024-06-24yBK